| 000 | 01097nam a2200229 a 4500 | ||
|---|---|---|---|
| 001 | 000035125 | ||
| 005 | 20200930074124.0 | ||
| 008 | 111025s1896 sp 000 0 spa d | ||
| 040 |
_aDO-SdBNP _bspa _cBNPHU |
||
| 082 |
_axxxx _bL333r |
||
| 100 | 1 |
_aLarra y Ossorio, Luis de, _d[1862-1914] _960809 |
|
| 245 | 1 | 3 |
_aLa rueda de la fortuna ó este mundo es un fandango : _bsainete filosófico-social en un acto y cuatro cuadros escrito en prosa / _cLuis de Larra, Mauricio Gullón ; música Manuel F. Cabello, Mariano Hermoso. |
| 260 |
_aMadrid : _bR. Velasco, _c1896. |
||
| 300 |
_a48mp. ; _c20 cm. |
||
| 490 | 1 | _aEl Teatro, colección de obras dramáticas y líricas | |
| 500 | _aEstrenado con extraordinario éxito en el Teatro de la Zarzuela, de Madrid la noche del 17 de enero de 1896. | ||
| 700 | 1 | 2 |
_aGullón, Mauricio _960810 |
| 700 | 1 | 2 |
_aFernández Caballero, Manuel, _d[d1835-1906], _emús. _960811 |
| 700 | 1 | 2 |
_aHermoso, Mariano, _d[1859-1923], _emús. _960812 |
| 700 | 1 | 2 |
_aMuriel y López, Luis, _d[d1855-1919] _960813 |
| 830 | 3 |
_aEl Teatro, colección de obras dramáticas y líricas _960814 |
|
| 999 |
_c34616 _d34616 |
||